Γερμανικές Πόλεις - Κουίζ Χάρτη - Statistics

General Stats
  • This quiz has been taken 27 times
  • The average score is 8 of 12
Answers on the Map
Answers color-coded by a green-red scale on the quiz's map according to % correct below.
 
Answer Stats
Answer % Correct
Αμβούργο
95%
Βερολίνο
91%
Μόναχο
91%
Ντίσελντορφ
64%
Νυρεμβέργη
64%
Δρέσδη
59%
Ανόβερο
59%
Στουτγκάρδη
59%
Φρανκφούρτη
50%
Ρόστοκ
50%
Σααρμπρύκεν
50%
Βρέμη
45%
No matching quizzes found
Score Distribution
Percent of People with Each Score
Percentile by Number Answered
Your Score History
You have not taken this quiz